Esquipulas II: perspectivas de la lucha ideológica /
Сохранить в:
| Главный автор: | |
|---|---|
| Формат: | Текст |
| Метки: |
Добавить метку
Нет меток, Требуется 1-ая метка записи!
|
MARC
| LEADER | 00000 a a2200000 04500 | ||
|---|---|---|---|
| 001 | 17587 | ||
| 003 | |||
| 040 | |||
| 100 | |a Giraldi, Giulio | ||
| 245 | |a Esquipulas II: |b perspectivas de la lucha ideológica / |c Giulio Giraldi | ||
| 500 | |a También conocida como servicio mensual de información y documentación | ||
| 773 | |g volumen 12, número 100; páginas 17-19 | ||
| 999 | |c 21508 |d 21508 | ||
